| 000 | 00514nam a2200193Ia 4500 | ||
|---|---|---|---|
| 003 | OSt | ||
| 005 | 20230607081832.0 | ||
| 008 | 210423s2011 xx 000 0 und d | ||
| 040 | _cAL | ||
| 041 | _aeng | ||
| 082 |
_a658.477 _223 _bYADD |
||
| 100 |
_aYADAV (V S) _9120767 |
||
| 245 | _aDisaster management: an analysis | ||
| 260 |
_aNew Delhi _bOmega Publication _c2011 |
||
| 365 |
_b995 _cINR |
||
| 650 |
_aExecutive Management _9120768 |
||
| 906 | _aan ; analysis ; Disaster ; management: | ||
| 942 |
_2ddc _cBK |
||
| 999 |
_c176020 _d176020 |
||